Welcome to CU Library Online Public Access Catalogue (OPAC)

Benchmarking in food and farming : (Record no. 9145)

MARC details
000 -LEADER
fixed length control field 00812cam a2200241 a 4500
001 - CONTROL NUMBER
control field 15707182
005 - DATE AND TIME OF LATEST TRANSACTION
control field 20260325115713.0
008 - FIXED-LENGTH DATA ELEMENTS--GENERAL INFORMATION
fixed length control field 090421s2009 enka b 001 0 eng
020 ## - INTERNATIONAL STANDARD BOOK NUMBER
International Standard Book Number 9780566088353
Qualifying information hbk. : alk. paper
020 ## - INTERNATIONAL STANDARD BOOK NUMBER
International Standard Book Number 0566088355
Qualifying information hbk. : alk. paper
020 ## - INTERNATIONAL STANDARD BOOK NUMBER
International Standard Book Number 9780566091841
Qualifying information ebook
020 ## - INTERNATIONAL STANDARD BOOK NUMBER
International Standard Book Number 0566091844
Qualifying information ebook
050 00 - LIBRARY OF CONGRESS CALL NUMBER
Classification number HD9000.5
Item number .B437 2009
082 00 - DEWEY DECIMAL CLASSIFICATION NUMBER
Classification number 630.68/5
Edition information 22
245 00 - TITLE STATEMENT
Title Benchmarking in food and farming :
Remainder of title creating sustainable change /
Statement of responsibility, etc. [edited by] Lisa Jack.
260 ## - PUBLICATION, DISTRIBUTION, ETC.
Place of publication, distribution, etc. Farnham, England ;
-- Burlington, VT :
Name of publisher, distributor, etc. Gower,
Date of publication, distribution, etc. c2009.
300 ## - PHYSICAL DESCRIPTION
Extent vi, 132 p. :
Other physical details ill. ;
Dimensions 26 cm.
650 #0 - SUBJECT ADDED ENTRY--TOPICAL TERM
Topical term or geographic name entry element Agricultural industries
General subdivision Management.
650 #0 - SUBJECT ADDED ENTRY--TOPICAL TERM
Topical term or geographic name entry element Food industry and trade
General subdivision Management.
650 #0 - SUBJECT ADDED ENTRY--TOPICAL TERM
Topical term or geographic name entry element Benchmarking (Management)
700 1# - ADDED ENTRY--PERSONAL NAME
Personal name Jack, Lisa.
942 ## - ADDED ENTRY ELEMENTS (KOHA)
Source of classification or shelving scheme Library of Congress Classification
Koha item type Books
Suppress in OPAC No
999 ## -
-- 9145
-- 9145
Holdings
Withdrawn status Lost status Source of classification or shelving scheme Damaged status Not for loan Collection Home library Current library Shelving location Date acquired Total checkouts Full call number Barcode Date last seen Copy number Price effective from Koha item type
    Library of Congress Classification     Non-fiction Business Library (Miotso) Business Library (Miotso) General stacks 03/25/2026   HD9000.5 .B437 2009 BSSM00002975 03/25/2026 1 03/25/2026 Books
    Library of Congress Classification     Non-fiction Business Library (Miotso) Business Library (Miotso) General stacks 03/25/2026   HD9000.5 .B437 2009 BSSM00002976 03/25/2026 2 03/25/2026 Books
    Library of Congress Classification     Non-fiction Business Library (Miotso) Business Library (Miotso) General stacks 03/25/2026   HD9000.5 .B437 2009 BSSM00002977 03/25/2026 3 03/25/2026 Books
© 2023-2024 Copyright: Central University Libraries. All Rights Reserved | Created by: Mahone Tech Office